|
|
|
|
| LEADER |
00000naa a2200000uu 4500 |
| 001 |
vtls010939742 |
| 003 |
SK-MaSNL |
| 005 |
20260302122946.0 |
| 008 |
210902|1999 xo |||||||||||||||||slo| |
| 015 |
|
|
|a SNBRA
|
| 035 |
|
|
|a (urnnbn)urn:nbn:sk:snk:ar-a0baqw
|
| 035 |
|
|
|a (uuid)b394f917-f040-465b-906d-9439df965ea9
|
| 035 |
|
|
|a urn:nbn:sk:snk-aau31e
|
| 040 |
|
|
|a SNKBUCL
|b slo
|c SNKBUCL
|e AACR2
|
| 041 |
0 |
|
|a slo
|
| 044 |
|
|
|a xo
|c SK
|
| 100 |
1 |
|
|a Monoši, Mikuláš,
|d 1955-
|4 aut
|9 218659
|
| 245 |
1 |
0 |
|a Použitie kontajnerov v Armáde Slovenskej republiky
|c Mikuláš Monoši, Miroslav Tomek
|
| 700 |
1 |
|
|a Tomek, Miroslav
|4 aut
|9 18976
|
| 773 |
0 |
|
|t Smery vývoja techniky pozemného vojska
|d Liptovský Mikuláš : Vojenská akadémia, 1999
|g S. 122-125
|z 8080401160
|
| 958 |
|
|
|a OND
|
| 958 |
|
|
|a article11
|
| 958 |
|
|
|a chapter
|
| 999 |
|
|
|c 1280521
|d 1282451
|